Pasaje a la frontera /

Guardado en:
Autor Principal: Alonso, María Cristina
Otros Autores: Weiss, Mónica; il.
Formato: Libro
Publicado: Córdoba [argentina] : Comunic-arte, 2014
Series:Veinte Escalones
Materias:
Etiquetas: Agregar Etiqueta
Sin Etiquetas, Sea el primero en etiquetar este registro!
LEADER 00789nam a22002535a 4500
001 CEM.cems015267
005 20191031155423.0
008 130507s2014##################000#0#####d
003 CEMS
020 |a 9789876023061 
082 0 4 |a A863.4 
100 1 |a Alonso, María Cristina 
245 1 0 |a Pasaje a la frontera /  |c María Cristina Alonso ; ilustrado Por Mónica Weiss 
260 |a Córdoba [argentina] :  |b Comunic-arte,  |c 2014 
300 |a 144 p. 
490 0 |a Veinte Escalones 
653 |a Literatura 
653 |a Literatura argentina 
653 |a Literatura infantil 
653 |a Novela 
653 |a Novelas infantiles 
653 |a Colección ciencias de la educación 
700 1 |a Weiss, Mónica; il. 
859 |a CEMS  |b BIB. CEMS - Ccias. Educacion  |h A863.4  |i Al722-1  |k CE  |p 28507.19  |t Ej.1